000 00517nam a2200193Ia 4500
003 OSt
005 20250610091939.0
008 210716s9999 xx 000 0 und d
040 _cAIMIT LIBRARY
041 _aeng
082 _a005.7402
_21
_bSQLF
245 _aSql forms operators guide.
250 _a1st ed.
300 _aE-96,27
650 _aApplication development
_9213735
650 _asql forms processing model
_9213736
650 _aComponents of sql forms
_9213737
942 _2ddc
_cBK
_k005.7402 SQLF
999 _c182229
_d182229